000 00423nam a2200169Ia 4500
008 230524s9999 xx 000 0 und d
020 _a9789384588830
082 _bTAR
100 _aTrilochan Tarai
_942986
245 0 _aJAVA Core Concepts and Aplications
250 _a1
260 _aNew Delhi
_bI.K.International
_c2015
300 _a"XI,393p;"
500 _aQuantity Number: 1
650 _aComp-Sc
942 _cBK
999 _c57936
_d57936